Top 15 landen met Covid-19 sterfgevallen - 28 augustus - Statistieken

Algemene statistieken
  • Deze quiz is 3 keer genomen
  • De gemiddelde score is 8 van 19
Antwoordstatistieken
land % Correct
België
100%
Verenigde Staten
100%
India
67%
Italië
67%
Rusland
67%
Spanje
67%
Bolivia
33%
Brazilië
33%
Chili
33%
Colombia
33%
Ecuador
33%
Frankrijk
33%
Mexico
33%
Peru
33%
Verenigd Koninkrijk
33%
Zweden
33%
Iran
0%
Panama
0%
Zuid-Afrika
0%
Geen overeenkomende quizzen gevonden
Scoreverdeling
Procent van Mensen met Elke Score
Percentiel versus Aantal Correcte Antwoorden
Uw Scoregeschiedenis
U heeft deze quiz nog niet genomen